[Event "Linares 09th"]
[Site "Linares"]
[Date "1991.??.??"]
[Round "5"]
[White "Anand, Viswanathan"]
[Black "Gurevich, Mikhail"]
[Result "0-1"]
[WhiteElo "2635"]
[BlackElo "2650"]
[Annotator "Anand,V"]
[PlyCount "60"]
[EventDate "1991.02.??"]
[EventType "tourn"]
[EventRounds "13"]
[EventCountry "ESP"]
[EventCategory "17"]
[SourceTitle "CBM 022"]
[Source "ChessBase"]
[SourceDate "1991.06.01"]
[SourceVersion "1"]
[SourceVersionDate "1991.06.01"]
[SourceQuality "1"]

1. e4 {King} d6 2. d4 g6 3. Nc3 Bg7 4. f4 Nf6 5. Nf3 c5 6. Bb5+ Bd7 7. e5 Ng4
8. e6 fxe6 9. Ng5 Bxb5 10. Nxb5 Qa5+ 11. c3 Qxb5 12. Nxe6 Na6 13. Nxg7+ Kf7 14.
Qxg4 (14. Ne6 Nf6 (14... Kxe6 {King} 15. Qxg4+ Kf7 16. f5 $2 (16. Be3 $1) 16...
cxd4 $1 {Petursson-Thorsteins, Reykjavik Open 1990.}) 15. Ng5+ Kg7 $10 {
Van der Wiel-Seirawan Luzern 1990}) 14... Kxg7 15. Be3 $5 Qxb2 $1 {The
critical line} 16. O-O Qxc3 17. Rae1 Rhf8 (17... cxd4 $2 18. Bd2 Qc7 19. f5 $18
) 18. f5 $6 (18. Qe6 cxd4) (18. dxc5 $5) 18... Rxf5 19. Qh3 $2 {This fails to
a very quiet move.} (19. Bh6+ Kxh6 $8 20. Qh4+ Rh5 21. Qf4+ Rg5 22. Qh4+ $10 (
22. h4 $2 Qxd4+ 23. Qxd4 cxd4 24. hxg5+ Kxg5 25. Rxe7 Nc5 $17)) 19... Kh8 $3 (
19... Rxf1+ $2 20. Rxf1 cxd4 21. Bh6+ Kh8 22. Qe6 $40) 20. Rxf5 {There is
nothing better} gxf5 21. Qh4 Nb4 $19 22. Bf2 Nd5 23. Qh5 Rf8 24. dxc5 dxc5 25.
Bg3 f4 26. Bh4 Ne3 27. Qf3 Rg8 28. Kh1 Qd2 29. Rg1 Qd6 30. Qe4 Qd5 (30... Qd5
31. Qxe7 Rxg2 32. Bf6+ Rg7+ $19) 0-1

[Event "EU-Cup 18th"]
[Site "Kallithea"]
[Date "2002.09.23"]
[Round "2.2"]
[White "Shirov, Alexei"]
[Black "Volokitin, Andrei"]
[Result "1-0"]
[WhiteElo "2697"]
[BlackElo "2545"]
[Annotator "Avrukh,B"]
[PlyCount "67"]
[EventDate "2002.09.22"]
[EventType "team-swiss"]
[EventRounds "7"]
[EventCountry "GRE"]
[SourceTitle "CBM 092"]
[Source "ChessBase"]
[SourceDate "2003.02.06"]
[SourceVersion "1"]
[SourceVersionDate "2003.02.06"]
[SourceQuality "1"]
[WhiteTeam "Sarajevo Bosna"]
[BlackTeam "Karpaty"]
[WhiteTeamCountry "BIH"]
[BlackTeamCountry "UKR"]

1. e4 g6 2. d4 Bg7 3. Nc3 d6 4. f4 Nf6 5. Nf3 O-O 6. Bd3 Nc6 7. e5 dxe5 8. fxe5
Nh5 9. Be3 Bg4 10. Be2 f6 11. exf6 exf6 12. O-O Qd7 $2 {A new move in this
well-known position and unfortunately not a very good one.} ({Other moves here:
} 12... Re8 13. Qd2 Nb4 $5 (13... f5 $143 $2 14. Bc4+ Kh8 15. Ng5 $1 {[%cal
Gg5f7]} Bxd4 16. Nf7+ Kg7 17. Nxd8 Bxe3+ 18. Qxe3 Rxe3 19. Nxc6 bxc6 20. h3 $1
$16 {[%csl Rg4] 1/2-1/2 Boehm,J-Weber,P/Suedlohn 1981/EXT 2001 (29)}) 14. Bf2
Nd5 15. Nxd5 Qxd5 16. Rfe1 Qd6 {[%cal Gh5f4]} 17. h3 Be6 18. c4 c6 $11 {
1/2-1/2 Kuijpers,F-Timman,J/Leeuwarden 1972/MCD (56)}) (12... f5 $5 13. Qd2 f4
14. Bf2 Qd7 15. Rfe1 Rae8 16. Rad1 Kh8 17. d5 Bxf3 18. Bxf3 Ne5 19. Ne4 $14 {
1-0 Shirov,A-Nikolic,P/Monte Carlo 1999/CBM 69 ext (32)}) 13. d5 Ne7 (13...
Bxf3 $2 14. Bxf3 {[%cal Gf3h5]}) 14. Ne5 $1 {Not so difficult ,but quite a
nice tactical blow} fxe5 (14... Bxe2 $2 15. Nxd7 Bxd1 16. Nxf8 Bxc2 17. Ne6 $18
) 15. Rxf8+ Rxf8 (15... Bxf8 16. Bxg4 Nf5 {doesn't work unfortunately for black
} 17. Bxf5 $1 Qxf5 18. g4 {winning a piece}) 16. Bxg4 Qe8 (16... Qd8 $142 17.
Bxh5 ({Doesn't work here} 17. Bxa7 b6 18. d6 cxd6 19. Nd5 Nxd5 20. Qxd5+ Kh8
$13 {[%csl Ga7]}) (17. Ne4 $143 Nf4 18. c4 h5 19. Bf3 Nf5 $132) 17... gxh5 18.
Qd3 $1 (18. Bg5 Qd6 $1 19. Ne4 (19. Bxe7 Qxe7 20. Ne4 Qb4 $36) 19... Qb6+ 20.
Kh1 Nf5 $13) (18. Qxh5 Nxd5 19. Rd1 c6 20. Bc5 Rf7 21. Ne4 Qe8 $14 {[%csl Gh5]
[%cal Gf7f1]}) 18... Ng6 19. Qc4 {[%cal Gd5d6]} Kh8 20. Rf1 $16) 17. Bxa7 $1 (
17. Bxh5 gxh5 18. Qd3 {was also clearly better for white}) 17... Nc8 (17... b6
18. d6 $1 Nc6 19. Qd5+ Kh8 20. d7 Qa8 21. Bf3 $18) ({More stubborn was} 17...
Nf4 $1 18. Bc5 $1 (18. g3 h5 19. gxf4 hxg4 20. Qxg4 b6 $13 {[%csl Ra7]}) (18.
Bf2 Qf7 $132 {[%csl Gd5][%cal Gf7f2]}) (18. Bf3 e4 $1 19. Nxe4 (19. Bxe4 $140
Bxc3 20. bxc3 Nc8 $1 $19 {[%csl Ga7,Ge4]}) 19... b6 20. d6 Nc6 $13) 18... b6
19. Ba3 (19. Bxe7 Qxe7 20. g3 h5 $44) 19... Qf7 20. g3 h5 21. Be2 $1 $16 Nh3+
$140 22. Kg2 Nf2 23. Qd2 {[%cal Ga1f1]}) 18. Bc5 Nd6 19. Bxh5 $1 gxh5 20. Bxd6
cxd6 21. Ne4 $18 {Getting strategically winning position-bad bishop against
fantastic knight plus extra pawn.} Rf4 (21... Qb5 22. b3 Rf4 23. Qd3 Qxd3 24.
cxd3 $18 {[%cal Ga1c1]}) 22. Qd3 Qg6 23. Re1 h4 24. h3 {White easily
neutralized black activity and now simply starting to advance pawns on
queenside.} Bh6 25. c4 b6 26. b4 {[%cal Ga2a4,Ga4a5]} Rf7 27. a4 {black is
absolutely hopeless against advancing of a-pawn} Bf4 28. a5 bxa5 29. bxa5 Ra7
30. Qb3 (30. Ra1) 30... Ra8 (30... Rxa5 31. Qb8+ Kg7 32. Qc7+ {[%cal Gc7a5]})
31. a6 Rf8 32. a7 Qf7 33. Qb8 Bg3 34. Ra1 1-0

[Event "Corus-B"]
[Site "Wijk aan Zee"]
[Date "2000.01.19"]
[Round "2"]
[White "Nisipeanu, Liviu Dieter"]
[Black "Avrukh, Boris"]
[Result "0-1"]
[WhiteElo "2611"]
[BlackElo "2620"]
[Annotator "Avrukh,B"]
[PlyCount "57"]
[EventDate "2000.01.18"]
[EventType "tourn"]
[EventRounds "11"]
[EventCountry "NED"]
[EventCategory "11"]
[SourceTitle "CBM 075"]
[Source "ChessBase"]
[SourceDate "2000.04.05"]
[SourceVersion "1"]
[SourceVersionDate "2000.04.05"]
[SourceQuality "1"]

1. e4 d6 2. d4 g6 3. Nc3 Bg7 4. f4 Nf6 5. Nf3 O-O 6. Be3 b6 7. Bc4 c5 8. Qe2
Nc6 (8... Nxe4 {Of course i knew about two games Bologan-Ponomariov,where this
move was played,but i was sure,that there are some positions,where white could
improve his play and for sure my opponent had some improvements,playing this
variation in Las-Vegas against Azmaiparashvili.} 9. Nxe4 d5 10. Bd3 c4 11. Bxc4
dxc4 12. O-O-O (12. Ne5 Bb7 13. Nc3 Nd7 14. O-O-O Nf6 15. h4 b5 16. Nxb5 Qa5
17. Nc3 Ne4 18. Nxe4 Bxe4 19. Bd2 Qxa2 20. Bc3 f5 $15 {0-1 Bologan,
V-Ponomariov,R/Belfort FRA 1998 (62)}) 12... Bb7 13. Nc3 Nd7 14. Qxc4 a6 15.
Qd3 Nf6 16. d5 b5 17. Bd4 b4 18. Ne4 Qxd5 19. Nc5 Rac8 20. Nxb7 Qxb7 $17 {
0-1 Bologan,V-Ponomariov,R/Enghien-les-Bains FRA 1999 (35)}) 9. e5 Ng4 10.
O-O-O Nxe3 $1 $146 {[%mdl 8] This is already a novelty,before was played:} (
10... Na5 11. Bd5 Rb8 12. Bg1 {[%csl Gg4]} e6 13. dxc5 exd5 14. cxd6 f6 15.
Nxd5 fxe5 16. Ne7+ Kh8 17. fxe5 Be6 18. h4 {with strong initiative for white 1/
2-1/2 Bologan,V-Marin,M/Calcutta IND 1999 (41)}) (10... Qc7 11. Bg1 cxd4 12.
Nb5 Qb8 13. h3 Nh6 14. g4 $16 {[%csl Gh6] with big advantage for white 1-0
Bologan,V-Leski,M/Bastia FRA 1998 (25)}) 11. Qxe3 Bg4 {This was my idea,now
black's pressure to white centre is very strong and in a few moves my bishop
(g7) comes into the play.} 12. dxc5 $2 (12. d5 {was the best way for white}
Bxf3 13. Qxf3 $1 ({Worse is} 13. gxf3 Nd4 14. Rhe1 Rb8 {[%cal Gb6b5] with idea
b5}) 13... Nd4 (13... Na5 $6 14. Ba6 dxe5 15. f5 $36 {[%cal Gh2h4,Gh4h5]}) 14.
Qe4 a6 15. Ne2 dxe5 16. fxe5 Qc7 17. Rhe1 Bxe5 18. Nxd4 Bf4+ (18... Bxd4 $6 19.
Qxe7 {dangerous for black}) 19. Kb1 cxd4 20. Rxd4 Bd6 $11) 12... bxc5 13. Bd5
Qb6 14. h3 (14. Bxc6 Qxc6 15. Nd5 Qb7 (15... Rfe8 $5) 16. Rhe1 Rab8 (16... Be6
$5) 17. b3 Be6 18. c4 Rfd8 {and black is clearly better}) 14... Bxf3 15. Bxf3 (
{Only now Dieter discovered,that after} 15. Qxf3 Nd4 16. Rxd4 cxd4 17. Na4 Qa5
18. Bxa8 Qxa4 19. exd6 {black has a fantastic} d3 $3 $19 {which wins
immediately}) 15... dxe5 $1 ({After} 15... Rab8 $143 16. Bxc6 Qxb2+ 17. Kd2
dxe5 18. fxe5 $1 {black has nothing; for example:} Rbd8+ 19. Ke2 (19. Ke1 Bxe5
$5) 19... Qxc2+ 20. Rd2 Qxd2+ 21. Qxd2 Rxd2+ 22. Kxd2 Bxe5 $14) 16. Bxc6 (16.
Nd5 Qa5 $17) (16. Na4 Qc7 17. Qxc5 e4 $1 $17) 16... Qxc6 17. fxe5 Rad8 ({
Of course not} 17... Qxg2 $2 {because after} 18. Nd5 {white is fine}) 18. g4
Rd4 $1 {Very strong positional move,now black takes control under central
squares and black advantage becomes clear.} 19. Rhf1 Rfd8 20. Rde1 Qe6 {
Once again very important move,which suppress all white ideas with e5-e6} (
20... Qg2 21. e6 $1) (20... Rd2 21. e6 $1) 21. b3 $6 (21. Re2 $142 Rb8 {
and black starts to play on the queenside and i believe, that black's victory
only the question of time.}) 21... c4 $1 {Now black opens play on the
queenside and white cannot hold his position.} 22. Ne2 Rd2 $1 (22... R4d5 23.
Nf4 Qxe5 24. Qxe5 Rxe5 25. Rxe5 Bxe5 26. bxc4 $15) 23. Nf4 Qa6 24. Qxd2 Rxd2
25. Kxd2 Qa5+ 26. Kd1 Qxa2 27. bxc4 Qa1+ (27... Bxe5 28. Nd3 Bf6 {also very
strong}) 28. Ke2 (28. Kd2 Qd4+ 29. Nd3 (29. Ke2 Bh6) 29... Bh6+ 30. Kd1 Qa1+
31. Ke2 Qc3 {and black wins}) 28... Qc3 (28... Qxe5+ 29. Kf3 Qc3+ 30. Re3 Qxc4
31. Re2) 29. Rd1 $138 {My opponent simply resighned here because he had only
5seconds for eleven moves,but of course after 29...Qc430Kf3-Be5 white position
is absolutely lost} 0-1

[Event "ISR-chT"]
[Site "Ramat Aviv"]
[Date "2000.03.24"]
[Round "7.2"]
[White "Zifroni, Dov"]
[Black "Labok, Boris"]
[Result "1-0"]
[WhiteElo "2531"]
[BlackElo "2380"]
[Annotator "Avrukh,B"]
[PlyCount "77"]
[EventDate "2000.01.14"]
[EventType "team"]
[EventRounds "11"]
[EventCountry "ISR"]
[SourceTitle "CBM 077"]
[Source "ChessBase"]
[SourceDate "2000.07.27"]
[SourceVersion "1"]
[SourceVersionDate "2000.07.27"]
[SourceQuality "1"]
[WhiteTeam "Herzliya"]
[BlackTeam "Jerusalem Elitzur II"]
[WhiteTeamCountry "ISR"]
[BlackTeamCountry "ISR"]

1. d4 g6 2. e4 Bg7 3. Nc3 d6 4. f4 Nf6 5. Nf3 O-O 6. Bd3 Nc6 7. e5 dxe5 8. fxe5
Nd5 $6 {I cannot advice for anybody to play this doubtful variation and this
game also shows all black difficulties in this line.Just with very simple game
white gets a big advantage.} (8... Nh5 $142) 9. Nxd5 Qxd5 10. c3 Bg4 (10... f6
11. Qe2 Kh8 12. Be4 Qf7 13. O-O Nd8 14. Bd2 c6 15. Bd3 $16 {1/2-1/2 Ibragimov,
I-Bezold,M/Pulvermuele GER 2000/The Week in Chess 271 (43)}) 11. O-O Rad8 12.
Qe1 (12. Bc2 $4 Qd7 $4 (12... Nxe5 $1 $19) 13. Qe1 f6 14. Bb3+ Kh8 15. e6 Qc8
16. a3 $16 {1-0 Virostko,P-Pribyl,M/Ostrava CZE 1999/The Week in Chess 291 (51)
}) 12... f6 (12... Qd7 13. Qg3 (13. Bf4 Bxf3 14. Rxf3 e6 15. Qf2 $16 {1-0
Fiorito,F-Cordero,A/Mar del Plata 1999/EXT 2000 (24)}) 13... Bxf3 14. Rxf3 f5
15. exf6 exf6 16. Bf4 Rc8 17. Re1 Ne7 18. Bc4+ Nd5 19. Bd6 Qxd6 20. Qxd6 cxd6
21. Bxd5+ Kh8 22. Bxb7 Rc7 23. Bd5 $18 {1-0 Kotronias,V-Skembris,S/Glyfada
1995/CBM 47 ext (39)}) 13. exf6 $1 $146 (13. Qh4 $6 Qd7 (13... Bxf3 14. Rxf3
fxe5 15. Be4 Qd6 16. d5 Na5 $13) 14. Be3 Nxe5 15. Nxe5 fxe5 16. d5 Bf5 $15 {
0-1 Magalotti,A-Poscente,D/Forli 1990/EXT 97 (31)}) 13... exf6 (13... Bxf6 14.
Be4 Qd6 15. Bh6 $16) 14. Bf4 {[%csl Gc7] The c7-pawn is very good object to
attack for white piecies.} Qd7 (14... Rd7 15. Qg3 (15. Nd2 {[%cal Gd3c4]} Kh8
16. Qg3 f5 17. Bc4 Qa5 18. Rae1 $16) 15... Bxf3 16. Rxf3 $5 $16 (16. Qxf3)
16... Ne5 $140 17. dxe5 fxe5 18. Qg4 exf4 19. Bc4 $18 {[%csl Gd7]}) 15. Qg3 Rc8
{What else?Black has to defend this pawn very passively.} 16. Rae1 Be6 17. Nd2
$1 $16 {[%cal Gd2b3,Gb3c5,Gd2e4,Ge4c5]} Bf7 18. Nb3 (18. Ne4 $143 Bxa2 19. Nc5
Qf7 20. Nxb7 Rb8 $132 {[%csl Gb2]}) 18... Bxb3 (18... b6 19. Ba6 {[%csl Gc7]})
(18... f5 19. Nc5 Qd5 20. b4 $16) 19. axb3 {[%csl Gd3,Gf4]} Nd8 $6 (19... Kh8
$142 20. Bc4 g5 21. Bd2 Rce8 22. Bd3 Ne7 $16) 20. Re2 $18 c5 21. dxc5 {White
so much enjoy this position,that misses three opportunities in a few moves to
decide this game.} ({Right here ,white has too opportunities to win some
material.} 21. Bd6 cxd4 22. Bc4+ Nf7 23. Bxf8 Rxf8 24. Rfe1 $18 {[%cal Ge2e7]})
(21. Bc4+ Kh8 22. Bd6 cxd4 23. Bxf8 Bxf8 24. Rxf6 $18) 21... Rxc5 22. b4 ({
More easy} 22. Bd6 Rg5 23. Bc4+ Nf7 (23... Kh8 24. Qd3 (24. Qxg5 fxg5 25. Bxf8
$18) 24... Re8 25. Bf4 $18) 24. Qxg5 $1 fxg5 25. Bxf8 $18) 22... Rh5 (22... Rc8
23. Rfe1 {[%cal Ge2e7]}) 23. Rfe1 Nc6 24. Bc4+ Kh8 25. Be6 $2 {This move
already loses a big part of white advantage.} (25. Rd2 $142 $1 Qf5 (25... Qc8
26. Be2 {[%csl Gh5]}) 26. Bd3 Qc8 27. Be2 Rf5 28. Bg4 $18) 25... Qd8 26. Bc7
Qa8 27. Bg4 Rb5 $2 (27... Rd5 $142 $16 {[%cal Gc6e5]}) 28. Bd6 Ne5 (28... Rd8
29. c4 Rg5 (29... Rxb4 30. Bxb4 Nxb4 31. Bd7 $1 $18 {[%cal Ge2e8]}) 30. h4 (30.
Bf4 $5) 30... Re5 31. Bxe5 fxe5 32. b5 Nd4 33. Rxe5 $18) 29. Bxf8 Qxf8 30. Rd2
Qe7 31. Rd7 Qf8 32. Rc7 {[%cal Gc7c8]} Rd5 33. Rxb7 (33. Rc8 Rd8 34. Rxd8 Qxd8
35. Qe3 $18) 33... h5 34. Be6 (34. Bf3 Rd3 35. Rxe5 fxe5 36. Qxg6 $18) 34...
Rd3 35. Qf4 (35. Qf2 Qd6) 35... Qd6 36. Bb3 $2 (36. Qe4 Rd2 37. Bh3 Rxb2 38.
Rxa7 $18) 36... Rd2 $2 (36... Nf3+ 37. Qxf3 Rxf3 38. gxf3 Qd2 $132 {and i am
not sure,that white can win this position;for example} 39. Re8+ Kh7 40. Bc4 (
40. Ree7 Qc1+ 41. Kg2 Qxb2+ 42. Kg3 h4+ 43. Kh3 Qxb3 44. Rxg7+ Kh6 $11) 40...
Qc1+ 41. Bf1 Qg5+ 42. Bg2 Qc1+ 43. Kf2 Qxb2+ 44. Kg3 Kh6 $132) 37. Qe3 {
[%cal Ge3a7]} Ng4 (37... Rxb2 38. Rd1 Rxb3 39. Rxd6 Rb1+ 40. Kf2 Ng4+ 41. Ke2
Nxe3 42. Kxe3 $18) 38. Qg3 Ne5 39. Rxa7 (39. Rxa7 Rxb2 40. Ra8+ Kh7 41. Bg8+
Kh6 42. Ra2 $1 $18) 1-0

[Event "EU-Cup 18th"]
[Site "Kallithea"]
[Date "2002.09.23"]
[Round "2.4"]
[White "Naumann, Alexander"]
[Black "Bogdanovski, Vlatko"]
[Result "0-1"]
[WhiteElo "2507"]
[BlackElo "2483"]
[Annotator "Avrukh,B"]
[PlyCount "84"]
[EventDate "2002.09.22"]
[EventType "team-swiss"]
[EventRounds "7"]
[EventCountry "GRE"]
[SourceTitle "CBM 092"]
[Source "ChessBase"]
[SourceDate "2003.02.06"]
[SourceVersion "1"]
[SourceVersionDate "2003.02.06"]
[SourceQuality "1"]
[WhiteTeam "Hohenems"]
[BlackTeam "Skopje Alkaloid"]
[WhiteTeamCountry "AUT"]
[BlackTeamCountry "MKD"]

1. e4 d6 2. d4 Nf6 3. Nc3 g6 4. f4 Bg7 5. Nf3 O-O 6. e5 dxe5 7. fxe5 Nd5 8. Bc4
Be6 9. Qe2 Nxc3 10. bxc3 Bxc4 11. Qxc4 Nd7 ({Also interesting} 11... Nc6 $5 12.
O-O Na5 13. Qb4 b6 14. Ba3 {[%csl Ge7]} e6 (14... c5 15. dxc5 Nc6 $5) 15. c4
Qd7 $6 (15... c5 16. dxc5 Qc7 $44) 16. Rad1 Rfd8 17. Ng5 $36 {[%csl Gf7] 1-0
Khuseinov,P-Zaichik,G/Sevastopol 1986/EXT 98 (45)}) 12. O-O ({Nothing gives} 
12. e6 Nb6 13. exf7+ Rxf7 14. Qb3 Qd5 $1 15. Rb1 e6 16. O-O c6 17. a4 Nc4 18.
Ba3 Bf8 19. Bxf8 Raxf8 20. Rf2 b6 $11 {0-1 Lanc,A-Clausen,S/Copenhagen 1987/
EXT 97 (44)}) 12... Nb6 13. Qd3 Qd5 {Fantastic square for black queen} 14. Ba3
$6 $146 {looks,like there is nothing to do for this bishop on this diagonal.} (
14. Bg5 $142 f6 15. Bf4 c6 $2 (15... c5 $142 $5) 16. Rfb1 $1 fxe5 (16... Rad8
$140 17. exf6 exf6 18. Bc7) 17. Bxe5 Bh6 18. Rb4 {[%cal Gc3c4]} Rf7 19. c4 Qa5
20. a3 $16 {1-0 Thipsay,B-Lelchuk,Z/Jakarta 1993/EXT 97 (45)}) 14... Rfe8 15.
h4 $1 {White needs to create serious play,because already black has clear
positional advantage,white pawnstructure not so good at all and black queen
controls important squares in the centre.} (15. Nd2 {[%cal Gc3c4]} Rad8 $1)
15... f6 (15... Nc4 16. Bc1 f6 17. Bf4 $1 $13 c5 $140 18. h5 $36) 16. Rae1 (16.
h5 $1 {was necessary} g5 (16... Nc4 $140 17. hxg6 (17. exf6 exf6 18. Bc1 Re4 $1
$17) 17... hxg6 (17... Nxa3 18. gxh7+ Kh8 19. Nh4 $1 $36) 18. Bc1 $36 {[%csl
Gg6]}) (16... gxh5 $6 17. Nh4 $40) 17. Bc1 h6 $13 (17... Nc4 18. Bxg5 $1))
16... Qxa2 17. Bc1 $2 {Losing very impotant tempo in developing the initiative
and gives black opportunity to consolidate his piecies.} (17. h5 $142 Qc4 (
17... Qxa3 $2 18. Ra1 Qb2 19. Rfb1 {[%csl Gb2]}) (17... gxh5 18. Nh4 $40) 18.
Qe4 Qd5 19. Qg4 Nc4 20. Bc1 gxh5 (20... g5 21. h6 $1 Bxh6 22. exf6 exf6 23.
Rxe8+ Rxe8 24. Qh5 $18 {[%cal Gh5h6,Gh5e8]}) 21. Qxh5 $13 (21. Qg3 Kh8) 21...
Qf7 $140 22. Qh3 {[%cal Gf3g5]}) 17... Qc4 18. Qe4 f5 $1 19. Qf4 Nd5 20. Qg3
Nxc3 21. h5 Ne4 22. Qh4 Qc6 $2 {underestimating white threats} (22... gxh5 $1 {
and white cannot take} 23. Qxh5 $2 Ng3 (23... Qf7 $2 24. Qxf7+ Kxf7 25. Nh4 {
[%csl Ge4][%cal Ge1e4]}) 24. Qh4 Nxf1 25. Rxf1 Qf7 $19) 23. d5 $1 (23. hxg6
$140 Qxg6) 23... Qxd5 (23... Qb6+ 24. Be3) 24. hxg6 hxg6 25. Rxe4 $1 {Of
course !} (25. Ng5 Nxg5 26. Qxg5 Qe6 $19) 25... Qxe4 (25... fxe4 $4 26. Ng5 {
[%cal Gh4h7]}) 26. Bf4 {[%cal Gf3g5]} a5 (26... Red8 27. Ng5 Qc6 28. Qh7+ Kf8
29. e6 $36 {[%csl Gg6]}) (26... e6 27. Ng5 Qd4+ 28. Kh1 Re7 29. Qh7+ Kf8 30.
Qxg6 $40) 27. Re1 $2 {Losing the opportunity to make a draw} (27. Ng5 Qd4+ 28.
Kh2 $1 (28. Kh1 Qc4 $1 {[%csl Gf1]}) 28... Ra6 29. e6 Qf6 30. Qh7+ Kf8 31. Qh4
Qc3 32. Qh7 Qf6 $11) 27... Qb4 {[%csl Ge1,Gf4]} 28. Re3 (28. Ng5 Ra6 29. e6 Rd8
30. Qh7+ Kf8 31. Rf1 Qd4+ 32. Kh2 Qf6 33. Qh3 Ke8 {and black king escapes from
the dangerous area}) 28... Ra6 $1 {Very important defensive resource,now
g6-pawn is protected and black easily defend his position.} 29. Ng5 Kf8 30. e6
(30. Nh7+ Kg8 31. Ng5 Rd8 $1) 30... Rd8 $1 $19 31. Nh7+ (31. Qh7 Qxf4) 31...
Kg8 (31... Ke8 32. Qg5 Rd1+ 33. Kh2 Kd8 $19) 32. Ng5 Kf8 $138 33. Nh7+ Kg8 34.
Ng5 Rd1+ 35. Kh2 Kf8 $1 {Now it's over black king escapes and black remains
with big material advantage.} 36. Nh7+ (36. Rb3 Qe1) 36... Ke8 37. Qg3 {
[%csl Gg6]} Kd8 $1 38. Rb3 (38. Bxc7+ Kc8 39. Be5 Bxe5 40. Qxe5 Qd6 $19) 38...
Qd4 {[%cal Gd4g1] black starts desicive counterattack} 39. Qf3 Be5 40. Bxe5
Qxe5+ 41. g3 Rd2+ 42. Kh3 Qh8 {[%csl Gh3][%cal Gh8h7]} 0-1